| 000 | 01362cam a2200385 i 4500 | ||
|---|---|---|---|
| 001 | data | ||
| 005 | 20260322212122.0 | ||
| 008 | data | ||
| 035 | _a22883212 | ||
| 906 |
_a7 _bcbc _ccopycat _d2 _encip _f20 _gy-gencatlg |
||
| 925 | 0 |
_aacquire _b1 shelf copy _xpolicy default |
|
| 010 | _a 2022300661 | ||
| 020 |
_a9781792462559 _q(paperback) |
||
| 020 |
_a1792462557 _q(paperback) |
||
| 035 | _a(OCoLC)1285919631 | ||
| 040 |
_aYDX _beng _cYDX _erda _dDLC _dOCLCF _dOCLCO _dOCLCQ _dOCLCO _dDLC |
||
| 042 | _alccopycat | ||
| 050 | 0 | 0 |
_aGV716 _b.W397 2021 |
| 100 | 1 |
_aWeaver, Karen, _eauthor. |
|
| 245 | 1 | 0 |
_aSport finance : _bwhere the money comes from, and where the money goes / _cKaren Weaver, Ed. D. |
| 264 | 1 |
_aDubuque, IA : _bKendall Hunt Publishing Company, _c[2021] |
|
| 264 | 4 | _c©2021 | |
| 300 |
_axvii, 393 pages : _bcolor illustrations ; _c26 cm |
||
| 336 |
_atext _btxt _2rdacontent |
||
| 337 |
_aunmediated _bn _2rdamedia |
||
| 338 |
_avolume _bnc _2rdacarrier |
||
| 504 | _aIncludes bibliographical references and index. | ||
| 650 | 0 |
_aSports _xFinance. |
|
| 650 | 0 | _aSports administration. | |
| 650 | 6 |
_aSports _xFinances. |
|
| 650 | 6 |
_aSports _xGestion. |
|
| 650 | 7 |
_aSports administration. _2fast _0(OCoLC)fst01130552 |
|
| 650 | 7 |
_aSports _xFinance. _2fast _0(OCoLC)fst01130455 |
|
| 999 |
_c1871 _d1871 |
||